Capitals of Oceania Quiz Stats

 Plays Quiz Updated Jan 25, 2017

Support Sporcle.
Go Orange.
Score 0/14 Timer 05:00
139 Plays Today
Capital % Correct
Canberra,
Australia
96.9%
Wellington,
New Zealand
95.6%
Port Moresby,
Papua New Guinea
85.7%
Suva,
Fiji
83.5%
Apia,
Samoa
77.6%
Port Vila,
Vanuatu
75.1%
Funafuti,
Tuvalu
70.6%
Capital % Correct
Yaren,
Nauru
69.3%
Majuro,
Marshall Islands
67.1%
Palikir,
Micronesia
66.2%
Tarawa,
Kiribati
65.2%
Ngerulmud,
Palau
65%
Honiara,
Solomon Islands
65%
Nuku Ľalofa,
Tonga
64.7%

From the Vault

Capitals with All Five Vowels

by bareodin2

Geography 2.5m
You can safely eliminate all 4-letter capitals.
Remove Ads.
Support Sporcle.
Get the best of Sporcle when you Go Orange. This ad-free experience offers more features, more stats, and more fun while also helping to support Sporcle. Thank you for becoming a member.

Show Comments

Extras

Top Quizzes Today


Score Distribution

Your Account Isn't Verified!

In order to create a playlist on Sporcle, you need to verify the email address you used during registration. Go to your Sporcle Settings to finish the process.

Report this User

Report this user for behavior that violates our Community Guidelines.

Details: